000 00349nam a22001337a 4500
999 _c15454
_d15454
020 _a9789380235073
082 _a664.7
_bRAM/CE
100 _aRam ,sewa
_93157
245 _aCereals processing and nutritional quality
260 _aNew delhi ;
_bNew india publishing agency ,
_c2010 .
300 _a326p.,
700 _aMishra ,B .
_93158
942 _cBK